Quizzes
Events
Quiz Creation
Community
Videos
Private Events
Remove Ads
Sign In
Join for FREE
Feedback
Dark Mode
Quiz Categories
Sports
Geography
Music
Movies
Television
Just For Fun
Miscellaneous
History
Literature
Language
Science
Gaming
Entertainment
Religion
Holiday
For Kids
Quiz Lab
Recent
Popular Today
Quiz Kudos Today
Editor Picks
Curator Picks
Quizzes by...
Day
Popularity
Type
Ratings
Length
Year
Community
Subscriptions
Recent Discussions
Orange Saloon
Badges
Playlists
Quests
Create
Leaderboards
Showdown
Live 5
Trivia Bingo
Activity
Puzzle Library
Sporcle Events
Private Events
Virtual Trivia
Globe League
Become a Host
Pub Owners
SporcleCon
Opinionation
Our Games
Videos
Blog
Mobile Apps
Partnerships
Remove Ads and Go Orange
Feedback
Just For Fun
Clickable
Get the Picture
Humor
Quick Pick
Word Ladder
Missing Word
Mixed Word
Blitz
Minefield
This or That
Alphabet
Color
Typing
Sporcle
Puzzle
Word Play
Follow That Line
Logic
Just For Fun
Clickable
Get the Picture
Humor
Quick Pick
Word Ladder
Missing Word
Mixed Word
Blitz
Minefield
This or That
Alphabet
Color
Typing
Sporcle
Puzzle
Word Play
Follow That Line
Logic
Random Quiz
Search Sporcle
×
Quiz Lab
Quiz Lab
Just For Fun
Universal Studios
Type in answers that appear in a list
Type in answers that appear in a list
Classic
Best Score? Go Orange.
Rides at Universal Studios Orlando Stats
Can you name the Rides at Universal Studios Orlando and Islands of Adventure?
By
johndead690
5m
23 Questions
1,846 Plays
1,846 Plays
1,846 Plays
Comments
Comments
Give Quiz Kudos
Give Quiz Kudos
-
- Ratings
hide this ad
Replay
Link that replays current quiz
Next Quiz
Link to next quiz in quiz playlist
You Got
0%
They Got
Avg Score
41%
Avg Friend Score
Upgrade to see
Score Distribution
Jump to the score distribution portion of the page
Score
0/23
Timer
05:00
0
Plays Today
% Correct
Incredible Hulk Coaster
81.1%
The Amazing Spiderman
75.5%
The Simpsons Ride
66.7%
Revenge of the Mummy
66.3%
Men In Black: Alien Attack
63.3%
Jaws
61.6%
Jurassic Park River Adventure
60.4%
E.T. Adventure
53%
Twister
49.7%
Popeye and Blutos Bilge Rat Barges
44.7%
The Cat In The Hat
44.7%
Dueling Dragons
43.8%
% Correct
Disaster!
37.9%
Terminator: 3D
36.1%
Dudley Do Rights Rip Saw Falls
36.1%
Jimmy Neutrons Nicktoon Blast
35.9%
Woody Woodpeckers Nuthouse Coaster
27.5%
Dr. Dooms Fearfall
22.9%
Hollywood Rip Ride Rockit
19.2%
Flying Unicorn
15%
Caro-Seuss-el
10.1%
Pteranodon Flyers
6.8%
Shreck 4-D
6.4%
Quiz Playlist
Details
Report
Send in Message
Add To Playlist
Classic:
Type in answers that appear in a list
Last Updated: Aug 13, 2017
Quiz Scoreboard
CHALLENGE
Sign Up to Join the Scoreboard
Show All
Scores
Hide
Comments
May contain spoilers
Recently Published
Alphabetical 'K' Countries by Flag Minefield
by ylime102
Geography
3m
Pick 6: Fruits
by JohnFran
Miscellaneous
15s
Click the 1999 NBA Draft
by nibperrychub
Sports
2m
More to Explore
Quiz From the Vault
Featured Blog Post
15 Basketball Trivia Facts You Can Be March Mad About
hide this ad
You Might Also Like...
Tags
Adventure
island
Orlando
ride
studio
Universal
Universal Studios
Today's Top Quizzes in Just For Fun
Browse Just For Fun
hide this ad
Top Contributed Quizzes in Just For Fun
1
Just Another 1-25 Logic Puzzle
2
Seasons
3
Quick Pick: Spring Things
4
Pick 6: Letters
5
Pick 6: Foods
6
Pick 6: Colors
7
one piece logic puzzle
8
Crossword Whiteout! 41
9
Four Seasons
10
CrossWordLadder XXIII
Explore More
Trending Topics
NBA
Marvel
Kpop
Crossword
Disney
Anime
Harry Potter
Song
The Office
Soccer
Pokémon
WWE
Country
Puzzle
NFL
hide this ad
More By:
johndead690
Quiz
Plays
Rating
Category
Featured
Created
Rides at Universal Studios Orlando
1,846
1.36
Just For Fun
Nov 16, 2009
Famous Country Monuments
937
1.55
Geography
Dec 1, 2009
Best Horror Movies
632
1.00
Movies
Dec 7, 2009
Dinosaurs
522
3.00
Miscellaneous
Dec 10, 2009
Go to Creator's Profile
Score Distribution
Quiz Creator Spotlight
johndead690
Follow
Send a Message
Quizzes Created
-
Created Quiz Play Count
-
More By This Creator
Popular Quizzes Today
1
Find the US States - No Outlines Minefield
2
Countries of Asia Without Outlines Minefield
3
Pick 6: Fruits
4
Alphabetical 'K' Countries by Flag Minefield
5
The Countries of the World
6
Click the 1999 NBA Draft
7
Find the US States
8
Match the Book to the Film X
More Just For Fun Quizzes
Get the Picture: Funny Spies
Published
Trending Quizzes
Pick 6: Harry Potter
Pick 6: Golfers
Pick 6: Movie Franchises
Pick 6: Foods
Pick 6: Landmarks
Recently Updated
Women's Final Four Teams by Year
bhenderson79
Presidents Quartet II
eogle
Anything But Clue(do)
eogle
Anything But Oceanian Capitals
eogle
Anything But 7
eogle
Anything But Thing
eogle
Word Ladder: February 29
pecheneg
Song Title Questions
pecheneg
Women's NCAA Tournament #1 Seeds
pecheneg
Celebrity Mug Shots
pecheneg
Trending Topics
NBA
Kpop
Crossword
Anime
Marvel
Harry Potter
Disney
Pokémon
Song
Puzzle
The Office
Country
NFL
WWE
Soccer
Your Account Isn't Verified!
In order to create a playlist on Sporcle, you need to verify the email address you used during registration. Go to your
Sporcle Settings
to finish the process.
Report this User
Report this user for behavior that violates our
Community Guidelines
.
Details:
Send Report
Go to the Sporcle.com Mobile Site →
Comments